LIBRARY & INFORMATION CENTRE, KCAET, TAVANUR

ONLINE PUBLIC ACCESS CATALOGUE (OPAC)

Advanced practical chemistry for BSc students of indian universities / (Record no. 9558)

MARC details
000 -LEADER
fixed length control field 00496cam a2200193ua 4500
041 ## - LANGUAGE CODE
Language code of text/sound track or separate title eng
082 ## - DEWEY DECIMAL CLASSIFICATION NUMBER
Classification number 542
Item number BAH/AD
100 ## - MAIN ENTRY--AUTHOR NAME
Personal name Bahl, B S .
245 ## - TITLE STATEMENT
Title Advanced practical chemistry for BSc students of indian universities /
250 ## - EDITION STATEMENT
Edition statement 3 /
260 ## - PUBLICATION, DISTRIBUTION, ETC. (IMPRINT)
Place of publication New Delhi :
Name of publisher S.Chand and Co ,
Year of publication 1960.
300 ## - PHYSICAL DESCRIPTION
Number of Pages 301 ; .
700 1# - ADDED ENTRY--PERSONAL NAME
Personal name Sharma , A N .
942 ## - ADDED ENTRY ELEMENTS (KOHA)
Koha item type Books
Holdings
Withdrawn status Lost status Damaged status Home library Current library Date acquired Cost, normal purchase price Full call number Accession Number Koha item type
Withdrawn     KAUAET KAUAET 07/04/2012 6.00 542 BAH/AD 7523 Books
free website counter